Estadísticas para Di el nombre de la bandera!

Haz click aquí para intentar la prueba.

Estadísticas generales

  • Esta prueba ha sido intentada 49 veces
  • La puntuación promedio es 12 de 14

Estadísticas de respuestas

Respuesta% Correcto
Mexico
98%
Ucrania
96%
Canada
93%
España
93%
Estados Unidos
93%
Israel
93%
Portugal
93%
Suecia
93%
Alemania
91%
Australia
91%
Francia
91%
Rusia
91%
Dinamarca
89%
Tuquia
24%

Distribución de puntuación

Porcentaje por número respondido

Porcentaje de gente con cada puntuación

Historial de tus puntuaciones

No has intentado esta prueba.